Every ATP Tournament won by Carlos Alcaraz - Statistics

General Stats
  • This quiz has been taken 88 times
    4 since last reset
  • The average score is 21 of 25
Answer Stats
Year ATP Title % Correct
2026 Australian Open
100%
2022 Barcelona
100%
2023 Barcelona
100%
2025 Cincinnati
100%
2024 French Open
100%
2025 French Open
100%
2023 Indian Wells
100%
2024 Indian Wells
100%
2022 Madrid
100%
2023 Madrid
100%
2022 Miami
100%
2025 Monte Carlo
100%
2025 Rome
100%
2025 Rotterdam
100%
2025 Tokyo
100%
2022 US Open
100%
2025 US Open
100%
2023 Wimbledon
100%
2024 Wimbledon
100%
2023 Buenos Aires
67%
2022 Rio de Janeiro
67%
2021 Umag
67%
2024 Beijing
33%
2025 London
0%
2021 Next Gen Finals
0%
No matching quizzes found
Score Distribution
Percent of People with Each Score
Percentile by Number Answered
Your Score History
You have not taken this quiz since the last reset